000 00544nam a2200193Ia 4500
008 101110s9999 xx 000 0 und d
041 _aENGLISH
082 _bSR11926
_a330.12
100 _aIsraney and Denkar
245 _aFounders of Political Economy and Economic Systems
365 _b16
520 _aEconomics
546 _aENGLISH
630 _aFounders of Political Economy and Economic Systems
650 _aEconomics
655 _aEconomics
730 _aFounders of Political Economy and Economic Systems
942 _cBOOK
999 _c806541
_d806538